000 00419pab a2200157 454500
008 180718b1995 xxu||||| |||| 00| 0 eng d
100 _aSuryanarayana, M.H.
245 _aSome experiments with food stamps
260 _c1995
300 _ap.A-151-59
362 _a30 Dec
650 _aRationing, Consumer - India
650 _aPublic distribution system
773 _aEconomic and Political Weekly
909 _a30401
999 _c30401
_d30401